|
|
|
|
| LEADER |
01108nam a2200313 a 4500 |
| 001 |
38351 |
| 003 |
BD-DhAAL |
| 005 |
20220410142151.0 |
| 008 |
220410t2000 nyu b 001 0 eng d |
| 999 |
|
|
|c 44032
|d 44032
|
| 010 |
|
|
|a 00059170
|
| 020 |
|
|
|a 0375709312 (pbk.)
|
| 040 |
|
|
|a DLC
|c DLC
|d DLC
|d BD-DhAAL
|
| 050 |
0 |
0 |
|a PN6084.H8
|b R365 2000
|
| 082 |
0 |
0 |
|a 082.0207
|2 21
|
| 245 |
0 |
0 |
|a Random House Webster's wit & humor quotationary /
|c edited by Leonard Roy Frank
|
| 246 |
3 |
|
|a Wit & humor quotationary
|
| 246 |
3 |
|
|a Quotationary
|
| 250 |
|
|
|a First edition
|
| 260 |
|
|
|a New York :
|b Random House,
|c 2000.
|
| 300 |
|
|
|a viii, 343 pages ;
|c 21 cm.
|
| 500 |
|
|
|a Includes index.
|
| 541 |
|
|
|a Donated By Akbar Ali Khan
|e 38351
|
| 650 |
|
0 |
|a Quotations, English.
|9 47855
|
| 650 |
|
0 |
|a Wit and humor.
|9 47856
|
| 700 |
1 |
|
|a Frank, Leonard Roy.
|9 47857
|
| 852 |
|
|
|a Ayesha Abed Library
|c Akbar Ali Khan Collection
|
| 942 |
|
|
|2 ddc
|c BK
|
| 952 |
|
|
|0 0
|1 0
|2 ddc
|4 0
|6 082_020700000000000_RAN
|7 1
|9 70482
|a BRACUL
|b BRACUL
|c CS1
|d 2022-04-10
|e Donated by Akbar Ali Khan
|l 0
|o 082.0207 RAN
|p 3010038351
|r 2022-04-10
|t 1
|w 2022-04-10
|y BK
|